| 000 | 00902cam a2200301 4500 | ||
|---|---|---|---|
| 008 | 090401t1996 xxu||||| |||| 00| 0 eng d | ||
| 020 | _a0117533440 | ||
| 035 | _a(Sirsi) u7524 | ||
| 041 | _aeng | ||
| 110 |
_aUnited Kingdom _bDepartment of the Environment _9982 |
||
| 245 | _aPrivate sector renewal : a strategic approach. | ||
| 260 |
_aLondon _bStationery Office _c1996 |
||
| 300 | _avii,276p. ; 30cm. | ||
| 350 | _a18 | ||
| 490 |
_aDoE Circular _v17/96 5 December 1996 |
||
| 520 | _aAmended by DETR Circular 05/2001. | ||
| 650 | _aCLEARANCE AREAS | ||
| 650 | _aCOMMUNITY CARE | ||
| 650 | _aGROUP REPAIR SCHEMES | ||
| 650 | _aHOUSING GRANTS CONSTRUCTION AND REGENERATION ACY 1996 PART 1 | ||
| 650 | _aHOUSING GRANTS | ||
| 650 | _aPRIVATE RENTED SECTOR | ||
| 650 | _aPRIVATE SECTOR RENEWAL | ||
| 650 | _aRENEWAL AREAS | ||
| 690 | _aHOUSING | ||
| 942 | _n0 | ||
| 948 | _c04/03/1997 | ||
| 999 |
_c86422 _d86422 |
||